000 00290nam a22000977a 4500
999 _c509020
_d509020
082 _aP5x5442 B639b
100 _aGovernment of Maharashtra
_91919
245 _aReport of the Bombay University Reorganisation Committee 1950
260 _aBombay
_bGovernment Central Press
_c1951
300 _a253p.